00632nam a2200181 a 450000100100000000500170001000800410002704000250006808200150009310000310010824500670013926000340020630000200024004900090026071000510026995201130032099900170043300002907120240307073948.0100319s1971 dr 000 0 spa d aDO-SdBNPbspacBNPHU axxxbR788f1 aRosa, Jesús de la91972410aFundamentos de los exámenes objetivos /cJesús de la Rosa. aSanto Domingo :bUASD,c1971. a17 p. ;c21 cm. aBNPD1 aUniversidad Autónoma de Santo Domingo972951 0010718PDaPDbPDcCTd2011-04-13iLF1l0oxxx R788fp29071-10r2020-06-25w2020-06-25yLFPDZNo se presta c28563d28563